[Event "BEL-chT 1819"]
[Site "Belgium"]
[Date "2019.02.10"]
[Round "7.7"]
[White "Ghysels, Chris"]
[Black "Stillger, Bernhard"]
[Result "0-1"]
[WhiteElo "2055"]
[BlackElo "2265"]
[PlyCount "58"]
[EventDate "2018.09.30"]
[EventType "team-tourn"]
[EventRounds "11"]
[EventCountry "BEL"]
[SourceTitle "CBM 189 Extra"]
[Source "ChessBase"]
[SourceDate "2019.06.03"]
[SourceVersion "1"]
[SourceVersionDate "2019.06.03"]
[SourceQuality "1"]
[WhiteTeam "Jean Jaures"]
[BlackTeam "KSK47 Eynatten"]
[WhiteTeamCountry "BEL"]
[BlackTeamCountry "BEL"]

1. c4 c5 2. g3 g6 3. Bg2 Bg7 4. Nc3 Nc6 5. Nf3 d6 6. 0-0 e6 7. a3 Nge7 8. Rb1 b6 9. d3 Bb7 10. Bg5 h6 11. Bd2 0-0 12. b4 Qd7 13. e3 Kh7 14. Qb3 f5 15. Rfd1 g5 16. Ne2 Ng6 17. Bc3 g4 18. Ne1 e5 19. Qc2 Rac8 20. Qa4 Rf7 21. b5 Nd8 22. Qxa7 Ra8 23. Qxb6 Bxg2 24. Nxg2 Qe6 25. Ba5 Bf6 26. d4 Rb7 27. dxc5 Rxb6 28. Bxb6 dxc5 29. Rd5 Qxb6 0-1

[Event "Van Leeuwen Memorial 2nd"]
[Site "Ghent"]
[Date "2013.04.02"]
[Round "2"]
[White "Ghysels, Chris"]
[Black "Carlier, Sven"]
[Result "1-0"]
[WhiteElo "2088"]
[BlackElo "1873"]
[PlyCount "107"]
[EventDate "2013.03.26"]
[EventType "swiss"]
[EventRounds "9"]
[EventCountry "BEL"]
[SourceTitle "EXT 2014"]
[Source "ChessBase"]
[SourceDate "2013.11.20"]
[SourceVersion "1"]
[SourceVersionDate "2013.11.20"]
[SourceQuality "1"]

1. g3 c5 2. Bg2 Nc6 3. Nf3 Nf6 4. 0-0 e6 5. c4 Be7 6. d4 cxd4 7. Nxd4 a6 8. Nc3 0-0 9. b3 Qc7 10. Bb2 d6 11. Rc1 Bd7 12. Nd5 Qd8 13. Nxc6 Bxc6 14. Nxf6+ Bxf6 15. Bxf6 gxf6 16. Qd4 Bxg2 17. Kxg2 Qe7 18. Rfd1 Rad8 19. e4 Kg7 20. Rc3 Qc7 21. Rf3 Qe7 22. Qb6 Rd7 23. Rfd3 Rfd8 24. Qb4 Qf8 25. Qd2 Qe7 26. Qf4 Qf8 27. g4 Qe7 28. Rh3 Rh8 29. Qh6+ Kg8 30. Rf3 Qf8 31. Qxf6 Qg7 32. e5 Qxf6 33. exf6 h6 34. h4 Kh7 35. h5 Rhd8 36. Rfd3 d5 37. f4 Re8 38. Kf3 e5 39. Rxd5 Rxd5 40. cxd5 exf4 41. d6 b5 42. d7 Rd8 43. Kxf4 a5 44. Ke5 a4 45. Kd6 axb3 46. axb3 b4 47. Ke7 Ra8 48. d8Q Ra7+ 49. Qd7 Ra8 50. Kxf7 Kh8 51. Qd8+ Kh7 52. Qe7 Rg8 53. Ke6+ Kh8 54. Rd8 1-0

[Event "BEL-chT 1112"]
[Site "Belgium"]
[Date "2012.04.01"]
[Round "11.4"]
[White "Ghysels, Chris"]
[Black "Maenhout, Thibaut"]
[Result "0-1"]
[WhiteElo "2149"]
[BlackElo "2379"]
[PlyCount "62"]
[EventDate "2011.10.09"]
[EventType "team-tourn"]
[EventRounds "11"]
[EventCountry "BEL"]
[SourceTitle "EXT 2013"]
[Source "ChessBase"]
[SourceDate "2012.11.22"]
[SourceVersion "1"]
[SourceVersionDate "2012.11.22"]
[SourceQuality "1"]
[WhiteTeam "Jean Jaures"]
[BlackTeam "Bruges"]
[WhiteTeamCountry "BEL"]
[BlackTeamCountry "BEL"]

1. e4 c5 2. Nc3 d6 3. f4 g6 4. Nf3 Bg7 5. Bb5+ Bd7 6. Qe2 a6 7. Bxd7+ Qxd7 8. Nd5 Ra7 9. a4 Nc6 10. 0-0 e6 11. Nb6 Qc7 12. Nc4 Nge7 13. d3 0-0 14. Kh1 b5 15. axb5 axb5 16. Rxa7 Nxa7 17. Ne3 Nac6 18. c3 d5 19. exd5 exd5 20. Qf2 d4 21. cxd4 Nxd4 22. Nc2 Nb3 23. Qe1 Rd8 24. Qe4 Nf5 25. Ne5 Re8 26. Na3 Nfd4 27. Be3 Bxe5 28. fxe5 Qxe5 29. Qb7 Re7 30. Qc8+ Kg7 31. Bf4 Qxf4 0-1

[Event "BEL-chT 1112"]
[Site "Belgium"]
[Date "2012.03.18"]
[Round "10.4"]
[White "Lazarev, Vladimir"]
[Black "Ghysels, Chris"]
[Result "1-0"]
[WhiteElo "2431"]
[BlackElo "2149"]
[PlyCount "71"]
[EventDate "2011.10.09"]
[EventType "team-tourn"]
[EventRounds "11"]
[EventCountry "BEL"]
[SourceTitle "EXT 2013"]
[Source "ChessBase"]
[SourceDate "2012.11.22"]
[SourceVersion "1"]
[SourceVersionDate "2012.11.22"]
[SourceQuality "1"]
[WhiteTeam "Eupen Rochade"]
[BlackTeam "Jean Jaures"]
[WhiteTeamCountry "BEL"]
[BlackTeamCountry "BEL"]

1. d4 c5 2. d5 g6 3. c4 Bg7 4. e4 d6 5. Bd3 Nf6 6. Nc3 0-0 7. h3 e6 8. Bg5 h6 9. Be3 exd5 10. cxd5 Re8 11. Nf3 Na6 12. 0-0 Nc7 13. a4 b6 14. Re1 a6 15. Qd2 Kh7 16. Bf4 Bb7 17. Rab1 b5 18. axb5 axb5 19. b4 c4 20. Bc2 Ra3 21. Nd4 Qd7 22. Bh2 Ng8 23. f4 Kh8 24. Kh1 Rea8 25. Bg1 Ne7 26. Nde2 f5 27. Bd4 fxe4 28. Bxg7+ Kxg7 29. Qd4+ Kh7 30. Bxe4 Nf5 31. Qb6 R8a7 32. Bxf5 gxf5 33. Rbd1 Ba8 34. Qb8 Kg7 35. Nd4 Qf7 36. Re7 1-0

[Event "BEL-chT 1112"]
[Site "Belgium"]
[Date "2012.01.15"]
[Round "6.3"]
[White "Tan, Matthew"]
[Black "Ghysels, Chris"]
[Result "1-0"]
[WhiteElo "2416"]
[BlackElo "2149"]
[PlyCount "53"]
[EventDate "2011.10.09"]
[EventType "team-tourn"]
[EventRounds "11"]
[EventCountry "BEL"]
[SourceTitle "EXT 2013"]
[Source "ChessBase"]
[SourceDate "2012.11.22"]
[SourceVersion "1"]
[SourceVersionDate "2012.11.22"]
[SourceQuality "1"]
[WhiteTeam "Amay"]
[BlackTeam "Jean Jaures"]
[WhiteTeamCountry "BEL"]
[BlackTeamCountry "BEL"]

1. e4 c5 2. Nf3 g6 3. c3 Bg7 4. d4 cxd4 5. cxd4 d5 6. e5 Nc6 7. Nc3 Bg4 8. Bb5 e6 9. Qa4 Qb6 10. Nd2 Bf5 11. h3 h5 12. 0-0 Nge7 13. b3 0-0 14. Nf3 Be4 15. Ba3 Bxf3 16. Bc5 Qd8 17. gxf3 a6 18. Bxc6 Nxc6 19. Ne2 Qg5+ 20. Kh2 Qd2 21. Rfe1 Nxe5 22. dxe5 Bxe5+ 23. Ng3 d4 24. Kg1 Bxg3 25. fxg3 Rfc8 26. Qxd4 Qg5 27. Bd6 1-0

[Event "BEL-chT 1112"]
[Site "Belgium"]
[Date "2011.12.04"]
[Round "5.4"]
[White "Zelbel, Patrick"]
[Black "Ghysels, Chris"]
[Result "1-0"]
[WhiteElo "2408"]
[BlackElo "2149"]
[PlyCount "73"]
[EventDate "2011.10.09"]
[EventType "team-tourn"]
[EventRounds "11"]
[EventCountry "BEL"]
[SourceTitle "EXT 2013"]
[Source "ChessBase"]
[SourceDate "2012.11.22"]
[SourceVersion "1"]
[SourceVersionDate "2012.11.22"]
[SourceQuality "1"]
[WhiteTeam "Eynatten II"]
[BlackTeam "Jean Jaures"]
[WhiteTeamCountry "BEL"]
[BlackTeamCountry "BEL"]

1. e4 c5 2. c3 g6 3. d4 cxd4 4. cxd4 d5 5. e5 Nc6 6. Nc3 Bg7 7. h3 f6 8. f4 Nh6 9. g4 fxe5 10. fxe5 0-0 11. Bg2 e6 12. Nf3 Qb6 13. 0-0 Rxf3 14. Bxf3 Qxd4+ 15. Qxd4 Nxd4 16. Bxh6 Bxh6 17. Rad1 Bd7 18. Bxd5 exd5 19. Nxd5 Ne2+ 20. Kf2 Bb5 21. Nf6+ Kf7 22. Rd5 Ba6 23. Rd6 Nf4 24. Rfd1 Bf8 25. Rd7+ Ke6 26. Nxh7 Nd3+ 27. R7xd3 Bxd3 28. Rxd3 Bc5+ 29. Kf3 Kxe5 30. Rd7 b5 31. b3 Rc8 32. Rg7 Rc6 33. Rg8 Ra6 34. Rc8 Kd4 35. Ng5 Rf6+ 36. Ke2 Kd5 37. Rxc5+ 1-0

[Event "BEL-chT 0910"]
[Site "Belgium"]
[Date "2010.03.07"]
[Round "10"]
[White "Larmuseau, Maarten"]
[Black "Ghysels, Chris"]
[Result "1-0"]
[WhiteElo "2169"]
[BlackElo "2186"]
[PlyCount "49"]
[EventDate "2009.09.27"]
[EventType "team-tourn"]
[EventRounds "11"]
[EventCountry "BEL"]
[SourceTitle "EXT 2011"]
[Source "ChessBase"]
[SourceDate "2010.11.26"]
[SourceVersion "1"]
[SourceVersionDate "2010.11.26"]
[SourceQuality "1"]
[WhiteTeam "Aalter"]
[BlackTeam "Jean Jaures"]
[WhiteTeamCountry "BEL"]
[BlackTeamCountry "BEL"]

1. e4 c5 2. Nf3 g6 3. d4 cxd4 4. Qxd4 Nf6 5. Nc3 Nc6 6. Qa4 Bg7 7. e5 Ng8 8. Bf4 f6 9. e6 dxe6 10. Rd1 Bd7 11. Bc4 Qc8 12. Bb3 Ne5 13. Qe4 Bc6 14. Qe2 Nxf3+ 15. gxf3 e5 16. Qc4 e6 17. Nb5 Bf8 18. Be3 Bxf3 19. Nc7+ Kf7 20. Qxe6+ Qxe6 21. Bxe6+ Kg7 22. Rd7+ Be7 23. Nxa8 Bxh1 24. Bxg8 Rxg8 25. Rxe7+ 1-0

[Event "BEL-chT 0910"]
[Site "Belgium"]
[Date "2010.01.24"]
[Round "7"]
[White "Levin, Felix"]
[Black "Ghysels, Chris"]
[Result "1-0"]
[WhiteElo "2491"]
[BlackElo "2186"]
[PlyCount "69"]
[EventDate "2009.09.27"]
[EventType "team-tourn"]
[EventRounds "11"]
[EventCountry "BEL"]
[SourceTitle "EXT 2011"]
[Source "ChessBase"]
[SourceDate "2010.11.26"]
[SourceVersion "1"]
[SourceVersionDate "2010.11.26"]
[SourceQuality "1"]
[WhiteTeam "KSK47 Eynatten"]
[BlackTeam "Jean Jaures"]
[WhiteTeamCountry "BEL"]
[BlackTeamCountry "BEL"]

1. d4 c5 2. d5 g6 3. e4 Bg7 4. c4 d6 5. Nc3 Nf6 6. Bd3 0-0 7. h3 e6 8. Nf3 exd5 9. cxd5 b5 10. Bxb5 Nxe4 11. Nxe4 Qa5+ 12. Nfd2 Qxb5 13. Nxd6 Qa6 14. N2c4 Nd7 15. 0-0 Ne5 16. Nxe5 Qxd6 17. Nc6 Bb7 18. Qa4 Bxc6 19. dxc6 Rac8 20. Qxa7 Qxc6 21. Qa5 Rfe8 22. Qd2 Qe4 23. a4 Rcd8 24. Qg5 Qc4 25. Qg4 Re4 26. Qf3 Rd3 27. Be3 Bxb2 28. Rab1 Rb3 29. Rfd1 Qxa4 30. Rd2 Re8 31. Qd1 Qb5 32. Qc2 Rb8 33. Bf4 Bc3 34. Rxb3 Qxb3 35. Bxb8 1-0

[Event "BEL-chT 0910"]
[Site "Belgium"]
[Date "2010.01.10"]
[Round "6"]
[White "Dgebuadze, Alexandre"]
[Black "Ghysels, Chris"]
[Result "1-0"]
[WhiteElo "2546"]
[BlackElo "2186"]
[PlyCount "57"]
[EventDate "2009.09.27"]
[EventType "team-tourn"]
[EventRounds "11"]
[EventCountry "BEL"]
[SourceTitle "EXT 2011"]
[Source "ChessBase"]
[SourceDate "2010.11.26"]
[SourceVersion "1"]
[SourceVersionDate "2010.11.26"]
[SourceQuality "1"]
[WhiteTeam "KSK Rochade"]
[BlackTeam "Jean Jaures"]
[WhiteTeamCountry "BEL"]
[BlackTeamCountry "BEL"]

1. e4 c5 2. Nf3 g6 3. c4 Bg7 4. d4 Qb6 5. dxc5 Qxc5 6. Nc3 d6 7. Nd5 Bg4 8. Be3 Qc8 9. Bd4 f6 10. h3 Bxf3 11. Qxf3 Nc6 12. Bc3 Ne5 13. Qd1 Nh6 14. Be2 Nhf7 15. Qa4+ Kf8 16. f4 Nc6 17. 0-0 f5 18. Bxg7+ Kxg7 19. exf5 gxf5 20. Bh5 e6 21. Ne3 Ne7 22. Qb3 Ng6 23. Rae1 Re8 24. Qc3+ Kg8 25. g4 Qc5 26. b4 Qb6 27. gxf5 exf5 28. Kh1 Qd8 29. Nxf5 1-0

[Event "BEL-chT 0910"]
[Site "Belgium"]
[Date "2009.10.18"]
[Round "2"]
[White "Ghysels, Chris"]
[Black "Geirnaert, Steven"]
[Result "0-1"]
[WhiteElo "2187"]
[BlackElo "2364"]
[PlyCount "80"]
[EventDate "2009.09.27"]
[EventType "team-tourn"]
[EventRounds "11"]
[EventCountry "BEL"]
[SourceTitle "EXT 2011"]
[Source "ChessBase"]
[SourceDate "2010.11.26"]
[SourceVersion "1"]
[SourceVersionDate "2010.11.26"]
[SourceQuality "1"]
[WhiteTeam "Jean Jaures"]
[BlackTeam "KBSK Brugge"]
[WhiteTeamCountry "BEL"]
[BlackTeamCountry "BEL"]

1. e4 d5 2. Nc3 dxe4 3. Nxe4 Qd5 4. Qf3 Nc6 5. Nc3 Qe5+ 6. Qe3 Qxe3+ 7. fxe3 Bf5 8. d3 Nb4 9. Kd1 Nf6 10. a3 Nc6 11. e4 Bg6 12. Nf3 0-0-0 13. Ke1 e6 14. Be3 Ng4 15. Bg1 Bd6 16. Nb5 Bf4 17. g3 Ne3 18. Bxe3 Bxe3 19. Bg2 Bh5 20. Ke2 Bb6 21. Kd2 f5 22. Ng5 a6 23. Nc3 Nd4 24. exf5 exf5 25. Nd5 Bc5 26. Nf4 Rhe8 27. Rae1 h6 28. Nge6 Nxe6 29. Rxe6 Bd6 30. Rhe1 Bf7 31. Rxe8 Rxe8 32. Rxe8+ Bxe8 33. Bd5 Bd7 34. Ke2 g5 35. Ng2 c6 36. Bf7 Kd8 37. Ne3 f4 38. gxf4 Bxf4 39. Nf1 Bc1 40. b3 Bxa3 0-1

[Event "BEL-chT 0506"]
[Site "Belgium"]
[Date "2005.11.20"]
[Round "4"]
[White "Baert, Andy"]
[Black "Ghysels, Chris"]
[Result "1/2-1/2"]
[WhiteElo "2183"]
[BlackElo "2197"]
[PlyCount "23"]
[EventDate "2005.10.09"]
[EventType "team-tourn"]
[EventRounds "11"]
[EventCountry "BEL"]
[SourceTitle "EXT 2007"]
[Source "ChessBase"]
[SourceDate "2006.11.23"]
[SourceVersion "1"]
[SourceVersionDate "2006.11.23"]
[SourceQuality "1"]
[WhiteTeam "Borgerhout"]
[BlackTeam "Jean Jaures"]
[WhiteTeamCountry "BEL"]
[BlackTeamCountry "BEL"]

1. e4 c5 2. Nf3 g6 3. d4 Bg7 4. dxc5 Qa5+ 5. c3 Qxc5 6. Na3 b6 7. Nb5 Bb7 8. Be3 Qc8 9. Bd4 Nf6 10. e5 Nd5 11. e6 f6 12. exd7+ 1/2-1/2

[Event "BEL-chT 0506"]
[Site "Belgium"]
[Date "2005.10.09"]
[Round "1"]
[White "Piceu, Tom"]
[Black "Ghysels, Chris"]
[Result "1-0"]
[WhiteElo "2345"]
[BlackElo "2197"]
[PlyCount "51"]
[EventDate "2005.10.09"]
[EventType "team-tourn"]
[EventRounds "11"]
[EventCountry "BEL"]
[SourceTitle "EXT 2006"]
[Source "ChessBase"]
[SourceDate "2005.11.24"]
[SourceVersion "1"]
[SourceVersionDate "2005.11.24"]
[SourceQuality "1"]
[WhiteTeam "KBSK Brugge"]
[BlackTeam "Jean Jaures"]
[WhiteTeamCountry "BEL"]
[BlackTeamCountry "BEL"]

1. d4 g6 2. c4 Bg7 3. Nc3 c5 4. d5 Nf6 5. e4 d6 6. f4 0-0 7. Nf3 e6 8. Be2 exd5 9. cxd5 Bg4 10. 0-0 Re8 11. h3 Bxf3 12. Bxf3 Na6 13. Re1 Nd7 14. Be3 f5 15. Bf2 Qf6 16. exf5 gxf5 17. Re6 Qf8 18. Nb5 Rad8 19. Rxd6 Bxb2 20. Rb1 Bg7 21. Rxa6 bxa6 22. Nc7 Qd6 23. Nxe8 Rxe8 24. Qa4 Re7 25. Qc6 Qxf4 26. d6 1-0

[Event "BEL-chT 0405"]
[Site "Belgium"]
[Date "2005.03.06"]
[Round "10"]
[White "Saltaev, Mihail"]
[Black "Ghysels, Chris"]
[Result "1-0"]
[WhiteElo "2485"]
[BlackElo "2237"]
[PlyCount "63"]
[EventDate "2004.09.09"]
[EventType "team-tourn"]
[EventRounds "11"]
[EventCountry "BEL"]
[SourceTitle "EXT 2006"]
[Source "ChessBase"]
[SourceDate "2005.11.24"]
[SourceVersion "1"]
[SourceVersionDate "2005.11.24"]
[SourceQuality "1"]
[WhiteTeam "SK Rochade"]
[BlackTeam "Jean Jaures"]
[WhiteTeamCountry "BEL"]
[BlackTeamCountry "BEL"]

1. e4 c5 2. Nf3 g6 3. d4 Bg7 4. Nc3 cxd4 5. Nxd4 Nc6 6. Nb3 Bxc3+ 7. bxc3 Nf6 8. Bd3 d5 9. exd5 Qxd5 10. 0-0 Bg4 11. c4 Qd7 12. Qd2 0-0 13. Bb2 Rad8 14. Rfe1 Bf5 15. Rad1 Bxd3 16. cxd3 Qf5 17. Re3 Ng4 18. Rf3 Qh5 19. Rh3 Qf5 20. Qe2 Rfe8 21. Rg3 Nf6 22. d4 Qh5 23. Qf1 Na5 24. Re1 Nxb3 25. axb3 Ng4 26. h3 Nh6 27. Rge3 Nf5 28. Re5 Qh4 29. d5 f6 30. R5e4 Qh6 31. Bxf6 Rf8 32. Bxe7 1-0

[Event "BEL-chT 0405"]
[Site "Belgium"]
[Date "2005.01.16"]
[Round "7"]
[White "Smits, Mark"]
[Black "Ghysels, Chris"]
[Result "1-0"]
[WhiteElo "2228"]
[BlackElo "2237"]
[PlyCount "131"]
[EventDate "2004.09.09"]
[EventType "team-tourn"]
[EventRounds "11"]
[EventCountry "BEL"]
[SourceTitle "EXT 2006"]
[Source "ChessBase"]
[SourceDate "2005.11.24"]
[SourceVersion "1"]
[SourceVersionDate "2005.11.24"]
[SourceQuality "1"]
[WhiteTeam "Borgerhout"]
[BlackTeam "Jean Jaures"]
[WhiteTeamCountry "BEL"]
[BlackTeamCountry "BEL"]

1. e4 c5 2. b3 Nf6 3. e5 Nd5 4. Bb2 Nc6 5. Nf3 d6 6. Bc4 Nc7 7. exd6 Qxd6 8. Ng5 Ne6 9. Ne4 Qf4 10. Nbc3 Ned4 11. Nxc5 Qg5 12. Bd5 e6 13. N5e4 Qg6 14. Bxc6+ bxc6 15. 0-0 Bb7 16. d3 c5 17. Ne2 Nf3+ 18. Kh1 Qh5 19. h3 Ng5 20. N2g3 Qh4 21. Qg4 Qxg4 22. hxg4 Nxe4 23. Nxe4 h5 24. g5 h4 25. Kh2 0-0-0 26. Rad1 Rh5 27. f4 g6 28. Bf6 Rd7 29. Be5 Bxe4 30. dxe4 Be7 31. Rxd7 Kxd7 32. c4 Kc6 33. Kh3 Bd6 34. Bf6 Rh7 35. Kg4 Kc7 36. e5 Bf8 37. Rh1 Kb6 38. Bd8+ Kc6 39. Ba5 Be7 40. Rxh4 Rxh4+ 41. Kxh4 Kb7 42. Kg4 Kc6 43. Kf3 Kb7 44. Ke4 Kc6 45. Kd3 Kb7 46. Kc2 Kc6 47. Kb2 Kb7 48. Ka3 Kc6 49. Ka4 a6 50. Bd2 Bd8 51. Be3 Bc7 52. a3 Bd8 53. b4 cxb4 54. axb4 Bc7 55. Bd2 Bb6 56. b5+ axb5+ 57. cxb5+ Kd5 58. Ba5 Be3 59. g3 Bf2 60. Bd2 Bb6 61. Be1 Ke4 62. Ba5 Bf2 63. Bd8 Kf3 64. Ka5 Kxg3 65. b6 Kxf4 66. Bf6 1-0

[Event "Geraardsbergen op"]
[Site "Geraardsbergen"]
[Date "2003.08.14"]
[Round "2"]
[White "Ghysels, Chris"]
[Black "Limbourg, Remi"]
[Result "1-0"]
[WhiteElo "2214"]
[BlackElo "1945"]
[PlyCount "53"]
[EventDate "2003.08.??"]
[EventType "swiss"]
[EventRounds "7"]
[EventCountry "BEL"]
[SourceTitle "EXT 2005"]
[Source "ChessBase"]
[SourceDate "2004.11.15"]
[SourceVersion "1"]
[SourceVersionDate "2004.11.15"]
[SourceQuality "1"]

1. e4 e6 2. d4 d5 3. Nd2 c5 4. Ngf3 Nc6 5. exd5 exd5 6. Bb5 Bd6 7. 0-0 Nge7 8. dxc5 Bxc5 9. Nb3 Bb6 10. Re1 0-0 11. Bg5 f6 12. Be3 Bxe3 13. Rxe3 Nf5 14. Re2 a6 15. Bd3 Kh8 16. c3 Qd6 17. Qc2 g6 18. Rae1 Bd7 19. Qd2 Rad8 20. Bxf5 Bxf5 21. Nfd4 Bd7 22. Ne6 Bxe6 23. Rxe6 Qc7 24. Nd4 Nxd4 25. Re7 Nf3+ 26. gxf3 Rd7 27. Qh6 1-0

[Event "BEL-chT 0203"]
[Site "Belgium"]
[Date "2003.02.23"]
[Round "9.6"]
[White "Becker, Dieter"]
[Black "Ghysels, Chris"]
[Result "1-0"]
[WhiteElo "2111"]
[BlackElo "2220"]
[PlyCount "99"]
[EventDate "2002.10.06"]
[EventType "team"]
[EventRounds "11"]
[EventCountry "BEL"]
[SourceTitle "EXT 2004"]
[Source "ChessBase"]
[SourceDate "2003.11.25"]
[SourceVersion "1"]
[SourceVersionDate "2003.11.25"]
[SourceQuality "1"]
[WhiteTeam "Eupen Rochade"]
[BlackTeam "Jean Jaures"]
[WhiteTeamCountry "BEL"]
[BlackTeamCountry "BEL"]

1. d4 g6 2. c4 c5 3. Nf3 Bg7 4. e4 Qb6 5. d5 Bxb2 6. Bxb2 Qxb2 7. Nbd2 d6 8. Be2 Nf6 9. h3 0-0 10. g4 Nbd7 11. 0-0 Ne5 12. Ne1 h5 13. f3 hxg4 14. hxg4 g5 15. Kg2 Bd7 16. a4 Kg7 17. Rh1 Rh8 18. Rxh8 Rxh8 19. Rb1 Qa3 20. Ra1 Qe3 21. Nf1 Qf4 22. Nd3 Nxd3 23. Qxd3 Qe5 24. Ra2 Nh7 25. Qb1 Nf8 26. Qxb7 Ng6 27. Qb2 Nf4+ 28. Kf2 Qxb2 29. Rxb2 Bxa4 30. Rb7 a5 31. Ke3 Kf6 32. Ng3 Rh2 33. Bd3 Bd1 34. e5+ Kxe5 35. Rxe7+ Kf6 36. Rd7 Rh3 37. Ne4+ Kg7 38. Nxg5 Nxd3 39. Kxd3 Rh2 40. Nxf7 Kf6 41. g5+ Kf5 42. Rxd6 Kf4 43. Rf6+ Kg3 44. Ne5 Bc2+ 45. Kc3 Bb1 46. g6 a4 47. g7 Rc2+ 48. Kd3 Kf2 49. Ng4+ Ke1 50. Re6+ 1-0

[Event "BEL-chT 0102"]
[Site "Belgium"]
[Date "2002.10.13"]
[Round "8"]
[White "Ghysels, Chris"]
[Black "Claesen, Jeroen"]
[Result "0-1"]
[WhiteElo "2204"]
[BlackElo "2297"]
[PlyCount "50"]
[EventDate "2001.10.14"]
[EventType "team"]
[EventRounds "11"]
[EventCountry "BEL"]
[SourceTitle "EXT 2003"]
[Source "ChessBase"]
[SourceDate "2002.11.25"]
[SourceVersion "1"]
[SourceVersionDate "2002.11.25"]
[SourceQuality "1"]

1. e4 d6 2. d4 Nf6 3. Nc3 g6 4. f4 Bg7 5. Nf3 0-0 6. Be2 c5 7. dxc5 Qa5 8. 0-0 Qxc5+ 9. Kh1 a6 10. Bd3 b5 11. Qe1 b4 12. Nd1 Bb7 13. Be3 Qc6 14. Nf2 a5 15. a3 Na6 16. Nd4 Qc7 17. axb4 Nxb4 18. Nb5 Qb8 19. Nc3 Nd7 20. Ra3 Nc5 21. Qd2 Bc6 22. Rfa1 Nbxd3 23. cxd3 Nb3 24. Qd1 Nxa1 25. Qxa1 Qb4 0-1

[Event "BEL-chT 0102"]
[Site "Belgium"]
[Date "2001.12.09"]
[Round "4"]
[White "Ghysels, Chris"]
[Black "Becker, Dieter"]
[Result "1-0"]
[WhiteElo "2204"]
[BlackElo "2127"]
[PlyCount "37"]
[EventDate "2001.10.14"]
[EventType "team"]
[EventRounds "11"]
[EventCountry "BEL"]
[SourceTitle "EXT 2003"]
[Source "ChessBase"]
[SourceDate "2002.11.25"]
[SourceVersion "1"]
[SourceVersionDate "2002.11.25"]
[SourceQuality "1"]

1. e4 c5 2. Nc3 Nc6 3. f4 d6 4. Nf3 g6 5. Bb5 Bd7 6. 0-0 Bg7 7. d3 e6 8. Bxc6 Bxc6 9. Qe1 Ne7 10. f5 gxf5 11. Bg5 fxe4 12. Nxe4 Bxe4 13. Qxe4 Qc7 14. c3 d5 15. Qg4 h5 16. Qh3 0-0-0 17. Nh4 Rdf8 18. Rxf7 Qe5 19. Nf3 1-0

[Event "BEL-chT 9697"]
[Site "Belgium"]
[Date "1997.??.??"]
[Round "9"]
[White "Ahn, Martin"]
[Black "Ghysels, Chris"]
[Result "1/2-1/2"]
[WhiteElo "2320"]
[BlackElo "2190"]
[PlyCount "40"]
[EventDate "1996.??.??"]
[EventType "team"]
[EventRounds "11"]
[EventCountry "BEL"]
[SourceTitle "EXT 1998"]
[Source "ChessBase"]
[SourceDate "1997.11.17"]
[SourceVersion "1"]
[SourceVersionDate "1997.11.17"]
[SourceQuality "1"]

1. e4 c5 2. Nf3 g6 3. d4 Bg7 4. Nc3 cxd4 5. Nxd4 Nc6 6. Be3 Nf6 7. Bc4 0-0 8. Bb3 e6 9. 0-0 d5 10. exd5 exd5 11. h3 Re8 12. Re1 Be6 13. Qd2 Qd7 14. Rad1 Bxh3 15. Nxc6 Bxg2 16. Kxg2 Qg4+ 17. Kf1 Qh3+ 18. Kg1 Qg4+ 19. Kf1 Qh3+ 20. Kg1 Qg4+ 1/2-1/2